000 00803nam a2200229 a 4500
001 39471
003 BD-RjUL
005 20211209053010.0
008 160411s2003 bg ||||| |||| 00| 0 ben d
020 _a9843207173
_c: TK.400.00
035 _a(BD-RjUL)39584
040 _aBD-RjUL
_bben
_cBD-RjUL
041 _aben
082 _223
_a891.441
_bRES 2003
100 _aরেণু, মমতাজ
_9121640
245 1 0 _aস্বর্গ হাতে নামে চাঁদনী /
_cমমতাজ রেণু
260 _aঢাকা :
_bআহ্ছানিয়া বুকস্,
_c২০০৩.
300 _aix, ২২০ পৃ. :
_bচিত্র ;
_c২২ সেমি.
650 _aবাংলা কবিতা
_9121641
650 _aBengali poetry
_9121642
942 _2ddc
_cBK
999 _c39471
_d39471